[Event "17th ch-EU U18 Boys"]
[Site "Sibenik CRO"]
[Date "2007.09.21"]
[Round "8"]
[White "Olszewski,Mi"]
[Black "Rakhmanov,A"]
[Result "0-1"]
[WhiteElo "2409"]
[BlackElo "2489"]

1.e4 c5 2.Nf3 d6 3.d4 cxd4 4.Nxd4 Nf6 5.Nc3 a6 6.f3 e5 7.Nb3 Be6 8.Be3 Nbd7
9.Qd2 Be7 10.g4 Nb6 11.O-O-O Nfd7 12.Kb1 Rc8 13.Nd5 Bxd5 14.exd5 Qc7 15.Qf2 Bh4
16.Qg2 h6 17.f4 exf4 18.Bxf4 Bf6 19.Bd3 Ne5 20.h4 g6 21.g5 hxg5 22.hxg5 Rxh1
23.Rxh1 Bg7 24.Bxe5 Bxe5 25.Rh7 Nd7 26.c4 Nf8 27.Rh1 Nd7 28.Qg4 Nc5 29.Nxc5 Qxc5
30.Rf1 Rc7 31.Qe2 Re7 32.Qc2 Kd8 33.Re1 Bf4 34.Rf1 Bxg5 35.Bxg6 fxg6 36.Qxg6 Be3
37.Rf8+ Kc7 38.Qf6 Rd7 39.Qe6 Qd4 40.a3  0-1

[Event "LNA Copa Puma"]
[Site "Argentina ARG"]
[Date "2007.09.22"]
[Round "7"]
[White "Cubas,Jo"]
[Black "Fusco,L"]
[Result "1-0"]
[WhiteElo "2454"]
[BlackElo "2332"]

1.e4 c5 2.Nf3 d6 3.d4 Nf6 4.Nc3 cxd4 5.Nxd4 a6 6.f3 e5 7.Nb3 Be6 8.Be3 h5
9.Qd2 Nbd7 10.O-O-O Rc8 11.Kb1 Qc7 12.Bd3 Be7 13.h3 h4 14.f4 b5 15.Rhe1 Nb6
16.Bxb6 Qxb6 17.Nd5 Qa7 18.Qa5 Nxd5 19.exd5 Bd7 20.fxe5 O-O 21.Qb4 g6 22.e6 Be8
23.exf7+ Bxf7 24.Qg4 Bf6 25.Bxg6 Bxg6 26.Qxg6+ Qg7 27.Qxg7+ Kxg7 28.Nd4 Bxd4
29.Rxd4 Rf2 30.Rg4+ Kf7 31.c3 Rc4 32.Rxc4 bxc4 33.a3 Kf6 34.Re6+ Kf5 35.Rxd6 Rxg2
36.Rc6 Kf4 37.Rxc4+ Kg3 38.Rd4 Kxh3 39.d6 Rg7 40.d7  1-0

[Event "George Trundle NZ IM"]
[Site "Auckland NZL"]
[Date "2007.09.28"]
[Round "7"]
[White "Steadman,M"]
[Black "Solomon,SJ"]
[Result "1/2-1/2"]
[WhiteElo "2250"]
[BlackElo "2467"]

1.e4 c5 2.Nf3 d6 3.d4 cxd4 4.Nxd4 Nf6 5.Nc3 a6 6.f3 e5 7.Nb3 Be6 8.Be3 Nbd7
9.Qd2 Rc8 10.g4 Be7 11.O-O-O Nb6 12.g5 Nfd7 13.h4 Qc7 14.Qg2 Qc6 15.Na5 Qc7
16.Nb3 Nc4 17.Bxc4 Qxc4 18.Rh2 a5 19.Rd3 a4 20.Nd2 Qc6 21.Ndb1 Bc4 22.Rd1 b5
23.a3 O-O 24.Nd5 Bxd5 25.Rxd5 f5 26.Qe2 fxe4 27.fxe4 Nb6 28.Bxb6 Qxb6 29.Nc3 b4
30.Nxa4 Qc6 31.Qb5 bxa3 32.bxa3 Qc7 33.Rd1 Rf3 34.Nb6 Rb8 35.Qc4+ Qxc4 36.Nxc4 Kf7
37.Nxd6+ Ke6 38.Nf5 Bxa3+ 39.Kd2 g6 40.Ne3 Rf4 41.Ra1 Rd8+ 42.Ke2 Bc5 43.Ra6+ Kf7
44.Rc6 Bd4 45.Rf2 Rxf2+ 46.Kxf2 Ra8 47.Ke2 Bxe3 48.Kxe3 Ra1 49.Rc7+ Kg8 50.Rc5 Rh1
51.Rxe5 Rxh4 52.c4 h5 53.gxh6 Rxh6 54.c5 Rh1 55.Rd5 Kf7 56.Kf4 Rc1 57.Ke5 Ke7
58.Kd4 Rc2 59.Rd6 Rd2+ 60.Ke5 Rc2 61.Kd5 g5 62.Rg6 Rd2+ 63.Ke5 Rc2 64.c6 g4
65.Kf4 Rc4 66.Rxg4 Rxc6 67.Rg7+ Kf6 68.Rh7 Rc5 69.Rh6+ Ke7  1/2-1/2

[Event "3rd Arctic Cup"]
[Site "Salekhard RUS"]
[Date "2007.10.14"]
[Round "7"]
[White "Bukavshin,I"]
[Black "Pagerka,M"]
[Result "1-0"]
[WhiteElo "2248"]
[BlackElo "2099"]

1.e4 c5 2.Nf3 d6 3.d4 cxd4 4.Nxd4 Nf6 5.Nc3 a6 6.f3 e5 7.Nb3 Be6 8.Be3 Be7
9.Qd2 h5 10.O-O-O Nbd7 11.h3 h4 12.f4 exf4 13.Bxf4 Nh5 14.Be3 Ng3 15.Rg1 Ne5
16.Bd3 Rc8 17.Kb1 Bf6 18.Nd4 Nc4 19.Bxc4 Rxc4 20.Qd3 b5 21.Nce2 Nxe2 22.Nxe2 Ra4
23.b3 Rxa2 24.Bd4 Bxd4 25.Qxd4 Bxb3 26.Nc1 Ra4 27.Qxg7 Bxc2+ 28.Kxc2 Qc7+
29.Kb2 Rb4+ 30.Nb3 Rh5 31.Rc1 Rc5 32.Rgf1 Qe7 33.Rxc5 dxc5 34.Rd1 Qxe4 35.Qg8+ Ke7
36.Qd8+ Ke6 37.Rd6+ Ke5 38.Qf6+  1-0

[Event "WJun Girls"]
[Site "Yerevan ARM"]
[Date "2007.10.15"]
[Round "12"]
[White "Soumya,Sw"]
[Black "Kharatyan,A"]
[Result "1-0"]
[WhiteElo "2244"]
[BlackElo "2102"]

1.e4 c5 2.Nf3 d6 3.d4 cxd4 4.Nxd4 Nf6 5.Nc3 a6 6.f3 e5 7.Nb3 Be6 8.Be3 Nbd7
9.Qd2 Be7 10.g4 Nb6 11.O-O-O Rc8 12.g5 Nh5 13.Na5 Qc7 14.Kb1 O-O 15.Qf2 Nd7
16.Nd5 Bxd5 17.Rxd5 Nf4 18.Bxf4 exf4 19.Bh3 Nb6 20.Rd3 Nd7 21.Bxd7 Qxd7 22.Rd5 Rfd8
23.Nb3 Rc4 24.Qd2 Rdc8 25.c3 b5 26.Qxf4 b4 27.cxb4 Qb7 28.Rhd1 Qxb4 29.Qd2 Qb6
30.Qe2 Qc6 31.Qe3 Rb8 32.Qa7 Rb7 33.Qa8+ Bf8 34.Rxd6 Qc8 35.Rd8 Qxa8 36.Rxa8 f6
37.Na5  1-0

[Event "IV Open"]
[Site "Calvia ESP"]
[Date "2007.10.16"]
[Round "2"]
[White "Fierro Baquero,M"]
[Black "Jedynak,R"]
[Result "0-1"]
[WhiteElo "2345"]
[BlackElo "2543"]

1.e4 c5 2.Nf3 d6 3.d4 cxd4 4.Nxd4 Nf6 5.Nc3 a6 6.f3 e6 7.Be3 b5 8.Qd2 Nbd7
9.O-O-O Nb6 10.Qf2 Nfd7 11.Bd3 Bb7 12.Kb1 Rc8 13.Nce2 Qc7 14.f4 Nc5 15.Ng3 Be7
16.Nh5 Nxe4 17.Nxg7+ Kd7 18.Qe1 Rcg8 19.Ndxe6 fxe6 20.Bd4 Rxg7 21.Bxg7 Rg8
22.Bd4 Nf6 23.Qh4 Nbd5 24.Rhe1 Rg4 25.Qh6 Rxf4 26.Bxf6 Rxf6 27.Qxh7 Nf4 28.g3 Nxd3
29.Rxd3 Qc5 30.Rc3 Qe5 31.Rd1 Bd5 32.Rc7+ Kxc7 33.Qxe7+ Kb6 34.c4 Rf2 35.Qd8+ Ka7  0-1

[Event "3rd Arctic Cup"]
[Site "Salekhard RUS"]
[Date "2007.10.17"]
[Round "10"]
[White "Borate,S"]
[Black "Burg,T"]
[Result "1/2-1/2"]
[WhiteElo "1918"]
[BlackElo "2275"]

1.e4 c5 2.Nf3 d6 3.d4 cxd4 4.Nxd4 Nf6 5.Nc3 a6 6.f3 e5 7.Nb3 Be7 8.Be3 Be6
9.Nd5 Nxd5 10.exd5 Bf5 11.Bd3 Bg5 12.Bf2 Qf6 13.h4 Bf4 14.Bxf5 Qxf5 15.g3 Bh6
16.g4 Qf6 17.g5 Bxg5 18.hxg5 Qxg5 19.Qe2 f5 20.Rg1 Qf6 21.Nd4 O-O 22.Ne6 Rf7
23.Qc4 Nd7 24.O-O-O Nf8 25.Rh1 h6 26.Rdg1 Nxe6 27.dxe6 Re7 28.Be3 f4 29.Bf2 Qxe6
30.Qe4 g5 31.Bh4 d5 32.Qe1 Rg7 33.Bf2 Re8 34.Qb4 Rc7 35.Re1 Kh7 36.Re2 e4
37.Bb6 Rc4 38.Qb3 Qc6 39.fxe4 dxe4 40.Qh3 Qe6 41.Qh5 Qg6 42.Qg4 Rg8 43.Reh2 Rc6
44.Rxh6+ Qxh6 45.Qf5+ Rgg6 46.Rxh6+ Kxh6 47.Qh3+ Kg7 48.Bd4+ Kg8 49.Qh8+ Kf7
50.Qh7+ Ke8 51.Qh8+ Kd7 52.Qh7+ Ke8 53.Qh8+ Ke7 54.Qh7+ Ke8 55.Qh8+ Ke7 56.Qh7+ Ke8  1/2-1/2

[Event "33rd Fortis Open"]
[Site "Guernsey GCI"]
[Date "2007.10.22"]
[Round "2"]
[White "Franklin,S"]
[Black "De Kruif,K"]
[Result "1-0"]
[WhiteElo "1917"]
[BlackElo "2063"]

1.e4 c5 2.Nf3 d6 3.d4 cxd4 4.Nxd4 Nf6 5.Nc3 a6 6.f3 g6 7.Be3 Bg7 8.Qd2 O-O
9.O-O-O Nc6 10.Bc4 Na5 11.Bb3 b5 12.g4 Bb7 13.h4 Nxb3+ 14.Nxb3 Rc8 15.Bh6 b4
16.Bxg7 Kxg7 17.Nd5 Bxd5 18.exd5 Qc7 19.h5 Qc4 20.Kb1 Rc7 21.hxg6 fxg6 22.Nd4 Kg8
23.Ne6 Rfc8 24.Qh6 Qxc2+ 25.Ka1 Kf7 26.Nxc7 Qxc7 27.g5 Nxd5 28.Qxh7+ Kf8
29.Qxg6  1-0

[Event "2nd MAIG Team Standard"]
[Site "Macau CHN"]
[Date "2007.10.29"]
[Round "4"]
[White "Otgonjargal,S"]
[Black "Camacho,C"]
[Result "0-1"]
[WhiteElo "2168"]
[BlackElo "2094"]

1.e4 c5 2.Nf3 d6 3.d4 cxd4 4.Nxd4 Nf6 5.Nc3 a6 6.f3 e6 7.Be3 Be7 8.Qd2 Nbd7
9.O-O-O Qc7 10.g4 Ne5 11.g5 Nfd7 12.f4 Nc4 13.Bxc4 Qxc4 14.Qf2 b5 15.Nb3 b4
16.Rd4 Qc6 17.Rxb4 a5 18.Ra4 Bd8 19.Rd1 e5 20.Qd2 Ra6 21.Qd5 Bb7 22.Rc4 Qxd5
23.Nxd5 Bxd5 24.Rxd5 a4 25.Nd2 h6 26.Nf1 hxg5 27.fxg5 Rh3 28.Kd1 Ke7 29.Rd2 Ke6
30.Ng3 g6 31.Rf2 f6 32.Rc8 Be7 33.gxf6 Bxf6 34.Rc7 Bh4 35.Rg2 Nf6 36.Nf1 Nxe4
37.Rxg6+ Bf6 38.Ng3 Nxg3 39.hxg3 Kf5 40.Rg8 Ke4 41.Ke2 d5 42.c3 Rh2+ 43.Bf2 Rb6
44.Rg4+ Kf5 45.Rb4 Rxb4 46.cxb4 e4 47.Kf1 e3 48.Bxe3 Rxb2 49.Rf7 Rxb4 50.Bd2 Rb1+
51.Ke2 Ke6 52.Ra7 Rb2 53.Kd3 Rxa2 54.Ra6+ Kf7 55.g4 Ra3+ 56.Ke2 d4 57.g5 Bg7
58.Ra7+ Kg6 59.Ra6+ Kf5 60.Ra7 Be5 61.Rh7 Rg3 62.Ra7 a3 63.Kd1 Ke4 64.g6 Bd6
65.g7 Kd3 66.Be1 Rg1 67.Rd7 a2 68.Ra7 Bb4 69.Kc1 Bxe1 70.g8=Q Rxg8 71.Rxa2 Bc3  0-1

[Event "ETCC w"]
[Site "Crete GRE"]
[Date "2007.10.30"]
[Round "3"]
[White "Fragaki,M"]
[Black "Dzagnidze,N"]
[Result "0-1"]
[WhiteElo "1922"]
[BlackElo "2416"]

1.e4 c5 2.Nf3 d6 3.d4 cxd4 4.Nxd4 Nf6 5.Nc3 a6 6.f3 e5 7.Nb3 Be6 8.Be3 Be7
9.Qd2 Nbd7 10.g4 h6 11.O-O-O Qc7 12.h4 Nb6 13.Qf2 Nfd7 14.Kb1 h5 15.g5 g6
16.Be2 Rc8 17.f4 exf4 18.Bd4 O-O 19.Qxf4 Ne5 20.Rhg1 Nbc4 21.Nd2 Na5 22.Qf2 Nac6
23.Bb6 Qd7 24.a3 Ng4 25.Qg3 Nce5 26.Nf3 Rxc3 27.bxc3 Bc4 28.Rd4 Qb5+ 29.Kc1 Bxe2
30.Nxe5 dxe5  0-1

[Event "ch-IND w"]
[Site "Pune IND"]
[Date "2007.11.09"]
[Round "5"]
[White "Soumya,Sw"]
[Black "Gomes,Ma"]
[Result "1/2-1/2"]
[WhiteElo "2244"]
[BlackElo "2262"]

1.e4 c5 2.Nf3 d6 3.d4 cxd4 4.Nxd4 Nf6 5.Nc3 a6 6.f3 e5 7.Nb3 Be6 8.Be3 Nbd7
9.Qd2 b5 10.O-O-O Nb6 11.Qf2 Nfd7 12.f4 Qc7 13.Nd5 Bxd5 14.exd5 Nc4 15.Qe1 Rc8
16.Bxc4 bxc4 17.Na5 c3 18.Nc6 cxb2+ 19.Kb1 Nb8 20.fxe5 Nxc6 21.exd6 Bxd6
22.Bb6+ Qe7 23.dxc6 Rxc6 24.Rxd6 Rxd6 25.Qxe7+ Kxe7 26.Bc5 Kd7 27.Bxd6 Kxd6
28.Rd1+ Kc6 29.Kxb2  1/2-1/2

[Event "ch-IND w"]
[Site "Pune IND"]
[Date "2007.11.15"]
[Round "11"]
[White "Soumya,Sw"]
[Black "Harika,D"]
[Result "1-0"]
[WhiteElo "2244"]
[BlackElo "2480"]

1.e4 c5 2.Nf3 d6 3.d4 cxd4 4.Nxd4 Nf6 5.Nc3 a6 6.f3 e5 7.Nb3 Be6 8.Be3 h5
9.Qd2 Nbd7 10.a4 Rc8 11.a5 Be7 12.Be2 g6 13.O-O h4 14.Nd5 Bxd5 15.exd5 Nh5
16.c4 Ng7 17.f4 Nf5 18.Rac1 Nxe3 19.Qxe3 exf4 20.Qxf4 O-O 21.Bg4 Rc7 22.Bxd7 Bg5
23.Qxd6 Rxd7 24.Qb4 Bxc1 25.Rxc1 Re8 26.Qd2 Rde7 27.Nd4 Re4 28.Rf1 Qc7 29.Qf2 R4e7
30.b3 Qxa5 31.Qf6 Qc3 32.Kh1 Qd3 33.Kg1 Rd7 34.Nf5 gxf5 35.Qg5+ Kf8 36.Qh6+ Ke7
37.Re1+ Kd8 38.Qb6+  1-0

[Event "WYg16"]
[Site "Kemer TUR"]
[Date "2007.11.18"]
[Round "1"]
[White "Bakhtiyarly,A"]
[Black "Nakhbayeva,G"]
[Result "1/2-1/2"]
[WhiteElo "1951"]
[BlackElo "2024"]

1.e4 c5 2.Nf3 d6 3.d4 cxd4 4.Nxd4 Nf6 5.Nc3 a6 6.f3 e5 7.Nb3 Be6 8.Be3 Nbd7
9.Nd5 Nxd5 10.exd5 Bf5 11.Nd2 Be7 12.Be2 O-O 13.O-O Rc8 14.c4 Bg6 15.Rc1 f5
16.f4 b6 17.c5 bxc5 18.Bxa6 Ra8 19.Bc4 e4 20.Bb5 Rxa2 21.Ra1 Rxa1 22.Qxa1 Nf6
23.h3 Qb6 24.Bc4 Bd8 25.Kh2 Qa5 26.Qxa5 Bxa5 27.b3  1/2-1/2

[Event "WYb14"]
[Site "Kemer TUR"]
[Date "2007.11.19"]
[Round "2"]
[White "Mehar,C"]
[Black "Dubessay,B"]
[Result "1-0"]
[WhiteElo "2246"]
[BlackElo "2097"]

1.e4 c5 2.Nf3 d6 3.d4 cxd4 4.Nxd4 Nf6 5.Nc3 a6 6.f3 e5 7.Nb3 Be6 8.Be3 Be7
9.Qd2 Nbd7 10.O-O-O O-O 11.g4 b5 12.g5 b4 13.Nd5 Nxd5 14.exd5 Bf5 15.Qxb4 a5
16.Qd2 a4 17.Na1 Nb6 18.h4 Qc7 19.Bxb6 Qxb6 20.Bh3 Rab8 21.c3 Bd3 22.Bf1 Bxf1
23.Rhxf1 f6 24.g6 h6 25.Qf2 f5 26.Qxb6 Rxb6 27.Nc2 Bxh4 28.Nb4 Bg5+ 29.Kc2 Rf6
30.b3 a3 31.Nc6 Rxg6 32.Rg1 Kf7 33.b4 Rf6 34.c4 Be3 35.Rge1 f4 36.c5 Rxc6
37.dxc6 dxc5 38.b5  1-0

[Event "WYb14"]
[Site "Kemer TUR"]
[Date "2007.11.20"]
[Round "3"]
[White "Calugar,A"]
[Black "Grandelius,N"]
[Result "0-1"]
[WhiteElo "2080"]
[BlackElo "2377"]

1.e4 c5 2.Nf3 d6 3.d4 cxd4 4.Nxd4 Nf6 5.Nc3 a6 6.f3 e5 7.Nb3 Be6 8.Be3 Nbd7
9.g4 Nb6 10.g5 Nh5 11.Qd2 Be7 12.O-O-O O-O 13.Rg1 Rc8 14.Qf2 Rxc3 15.Bxb6 Bxg5+
16.f4 Bxf4+ 17.Kb1 Rf3 18.Qxf3 Qxb6 19.Bh3 Nf6 20.Qg2 g6 21.Bxe6 fxe6 22.h4 a5
23.a3 a4 24.Nc1 d5 25.h5 g5 26.Nd3 Nxe4 27.Nxf4 exf4 28.Rgf1 Rf5 29.Rd3 Qc5
30.h6 Qf8 31.Qh3 Qf6 32.Qh5 Qf7 33.Qd1 f3 34.Ka1 g4 35.c4 Nc5 36.Re3 Nb3+
37.Ka2 d4 38.Re4 Rf4 39.Re5 Qf6 40.Qe1 Kf7 41.Rb5 Kg6 42.Rxb7 f2 43.Qe2 Qf5
44.Rg7+ Kf6 45.Qd1 d3 46.c5 Qd5 47.Kb1 d2 48.c6 Qxc6 49.Qe2 Qc1+ 50.Ka2 Qa1+
51.Rxa1 Nc1+ 52.Kb1 Nxe2  0-1

[Event "WYb14"]
[Site "Kemer TUR"]
[Date "2007.11.21"]
[Round "4"]
[White "Mehar,C"]
[Black "Kanarek,M"]
[Result "0-1"]
[WhiteElo "2246"]
[BlackElo "2324"]

1.e4 c5 2.Nf3 d6 3.d4 Nf6 4.Nc3 cxd4 5.Nxd4 a6 6.f3 e5 7.Nb3 Be6 8.Be3 Be7
9.Qd2 O-O 10.O-O-O Qc7 11.g4 Rc8 12.g5 Nh5 13.Nd5 Bxd5 14.exd5 Nd7 15.Bh3 a5
16.Kb1 a4 17.Nc1 a3 18.b3 g6 19.Bg4 Nf4 20.Bxf4 exf4 21.h4 Bf8 22.Ne2 Re8
23.Bxd7 Qxd7 24.Nxf4 Qf5 25.Ng2 Bg7 26.Qf4 Qc8 27.Qd2 Qc5 28.Nf4 b5 29.h5 Rac8
30.hxg6 hxg6 31.Rh4 Rc7 32.Rdh1 Rce7 33.Rh7 Re1+ 34.Rxe1 Rxe1+ 35.Qxe1 Kxh7
36.Qd1 Qc3 37.Kc1 Qe3+ 38.Qd2 Qg1+ 39.Qd1 Bb2+ 40.Kd2 Qxg5 41.Qh1+ Kg8 42.Qh2 Be5
43.Ke3 Qf5 44.Qh6 Bg7  0-1

[Event "WYb16"]
[Site "Kemer TUR"]
[Date "2007.11.22"]
[Round "6"]
[White "Arenas,D"]
[Black "Cabrera Trujillo,J"]
[Result "0-1"]
[WhiteElo "2184"]
[BlackElo "2317"]

1.e4 c5 2.Nf3 d6 3.d4 cxd4 4.Nxd4 Nf6 5.Nc3 a6 6.f3 e5 7.Nb3 Be6 8.Be3 Be7
9.Qd2 O-O 10.O-O-O Nbd7 11.g4 b5 12.g5 b4 13.Ne2 Ne8 14.h4 a5 15.Kb1 Qb8
16.Ng3 a4 17.Nc1 Bd8 18.h5 Qb7 19.Nf5 d5 20.Qg2 d4 21.Bd2 Nc5 22.g6 b3 23.cxb3 a3
24.Rg1 axb2 25.gxh7+ Kxh7 26.Nd6 bxc1=Q+ 27.Bxc1 Rxa2 28.Nxb7 Rxg2 29.Rxg2 Nxb7
30.Ba6 Bxb3 31.Rdg1 Nbd6 32.Ba3 Rg8 33.Rb2 Bc4 34.Bb7 Nxb7 35.Rxb7 Bh4 36.h6 g6
37.Rc1 Be6  0-1

[Event "WYb14"]
[Site "Kemer TUR"]
[Date "2007.11.22"]
[Round "6"]
[White "Firat,B"]
[Black "Grandelius,N"]
[Result "0-1"]
[WhiteElo "2147"]
[BlackElo "2377"]

1.e4 c5 2.Nf3 d6 3.d4 cxd4 4.Nxd4 Nf6 5.Nc3 a6 6.f3 e5 7.Nb3 Be6 8.Be3 Nbd7
9.Qd2 b5 10.O-O-O Rc8 11.Kb1 Be7 12.g4 Nb6 13.Na5 Qc7 14.g5 Nfd7 15.h4 O-O
16.h5 b4 17.Nd5 Nxd5 18.exd5 Qxa5 19.dxe6 fxe6 20.Bh3 Nc5 21.g6 Rf6 22.Bg5 d5
23.Qh2 Qc7 24.Rhe1 h6 25.Bh4 Rxf3 26.Bxe7 Qxe7 27.Rxe5 Qc7 28.Bg4 Re3 29.Rexd5 exd5
30.Qf2 Rce8 31.Rf1 Qe7 32.Qf7+ Kh8  0-1

[Event "WYb14"]
[Site "Kemer TUR"]
[Date "2007.11.24"]
[Round "7"]
[White "Calugar,A"]
[Black "Catalkilic,O"]
[Result "0-1"]
[WhiteElo "2080"]
[BlackElo "1960"]

1.e4 c5 2.Nf3 d6 3.d4 cxd4 4.Nxd4 Nf6 5.Nc3 a6 6.f3 e6 7.Be3 b5 8.g4 h6 9.h4 Be7
10.Qd2 Bb7 11.O-O-O Nc6 12.Bh3 Ne5 13.g5 Nh5 14.b3 Qa5 15.f4 Nd7 16.g6 Nf8
17.gxf7+ Kxf7 18.f5 e5 19.Ne6 Rc8 20.Kb2 Ng3 21.Rhg1 b4 22.Nd5 Bxd5 23.Qxd5 Rxc2+
24.Kxc2 Qxa2+ 25.Kd3 Qe2+  0-1

[Event "WYb14"]
[Site "Kemer TUR"]
[Date "2007.11.25"]
[Round "8"]
[White "Mehar,C"]
[Black "Koohestani,S"]
[Result "0-1"]
[WhiteElo "2246"]
[BlackElo "2090"]

1.e4 c5 2.Nf3 d6 3.d4 cxd4 4.Nxd4 Nf6 5.Nc3 a6 6.f3 e5 7.Nb3 Be6 8.Be3 Be7
9.Qd2 Qc7 10.O-O-O O-O 11.g4 Rc8 12.g5 Nh5 13.Nd5 Bxd5 14.exd5 Nd7 15.Bh3 a5
16.Kb1 a4 17.Nc1 a3 18.b3 Nf4 19.Bxf4 exf4 20.Rhg1 g6 21.Nd3 Bf8 22.Nf2 Bg7
23.Ne4 Be5 24.Rh1 Kh8 25.Bg4 h5 26.Bh3 Re8 27.Bxd7 Qxd7 28.Rhe1 Rac8 29.Qd3 Qf5
30.h4 Re7 31.Re2 Rce8 32.Rde1 Qh3 33.c4 b6 34.Qc2 Qxf3 35.Nd2 Qg4 36.Re4 Kg7
37.Qd3 Qxh4 38.Nf3 Qh3 39.Kc2 Qf5 40.Kd2 Kf8 41.Kc2 f6 42.Nh4 Qxg5 43.Nf3 Qf5
44.Nh4 Qg4 45.Rxf4 Bxf4 46.Nxg6+ Kf7 47.Nxe7 Bh6 48.Nf5 Qg2+ 49.Kd1 Rxe1+
50.Kxe1 Bf4 51.Nd4 Kg8 52.Ne2 Be5 53.Qe3 Qg5 54.Qxb6 h4 55.Qd8+ Kh7 56.Qd7+ Kh6
57.b4 Qe3 58.Qf5 h3 59.Qf2 Qg5 60.b5 h2 61.Qf3 Qh4+  0-1

[Event "WYb16"]
[Site "Kemer TUR"]
[Date "2007.11.25"]
[Round "8"]
[White "Arenas,D"]
[Black "Akdag,D"]
[Result "0-1"]
[WhiteElo "2184"]
[BlackElo "2042"]

1.e4 c5 2.Nf3 d6 3.d4 cxd4 4.Nxd4 Nf6 5.Nc3 a6 6.f3 e6 7.Be3 b5 8.Qd2 Nbd7
9.g4 Nb6 10.g5 Nfd7 11.Bd3 Bb7 12.O-O-O Rc8 13.Kb1 b4 14.Nce2 d5 15.exd5 Nxd5
16.Nf4 Qa5 17.Be4 N7b6 18.Nb3 Qb5 19.Bxb6 Nxb6 20.Bxb7 Nc4 21.Bxc8 Nxd2+
22.Rxd2 Qxg5 23.Bd7+ Ke7 24.Rd4 e5 25.Re1 g6 26.Bc6 Kf6 27.Nd5+ Kg7 28.Rde4 Bd6
29.Nxb4 Rc8 30.Rg4 Qh5 31.Bb7 Rb8 32.Na5 e4 33.Nbc6 exf3 34.Rd1 f2 35.Rf1 Re8
36.Rc1 Re1 37.Rg5 Qxh2 38.Nb3 Qf4  0-1

[Event "WYb14"]
[Site "Kemer TUR"]
[Date "2007.11.26"]
[Round "9"]
[White "Firat,B"]
[Black "Plat,V"]
[Result "0-1"]
[WhiteElo "2147"]
[BlackElo "2296"]

1.e4 c5 2.Nf3 d6 3.d4 cxd4 4.Nxd4 Nf6 5.Nc3 a6 6.f3 e5 7.Nb3 Be6 8.Be3 Be7
9.Qd2 Nbd7 10.O-O-O O-O 11.g4 Qc7 12.g5 Nh5 13.Kb1 Rac8 14.Nd5 Bxd5 15.exd5 Nb6
16.Qf2 Nc4 17.Bc1 Qb6 18.Qe1 g6 19.h4 Rc7 20.Bd3 Qb5 21.Rg1 Qd7 22.Qe4 Rfc8
23.Nd2 Nb6 24.b3 f5 25.gxf6 Nxf6 26.Qe1 Nbxd5 27.Bb2 Nf4 28.Nc4 Qc6 29.h5 Nxd3
30.Rxd3 Nxh5 31.Rc3 Qe8 32.Qd2 Nf4 33.Re1 Qf7 34.Rce3 Qf8 35.Ba3 b5 36.Nxd6 Rd8
37.Rxe5 Bxd6 38.Bxd6 Rxd6 39.Qh2 Rd8 40.R1e4 Rf7 41.Kb2 Nd5 42.Qe2 Nf6 43.Re3 Rfd7
44.f4 Qd6 45.Rd3 Qb4 46.f5 Rxd3 47.fxg6 Qc4  0-1

[Event "I FEXERJ"]
[Site "Rio de Janeiro BRA"]
[Date "2007.11.26"]
[Round "2"]
[White "Cubas,Jo"]
[Black "Bittencourt,J"]
[Result "1/2-1/2"]
[WhiteElo "2448"]
[BlackElo "2448"]

1.e4 c5 2.Nf3 d6 3.d4 cxd4 4.Nxd4 Nf6 5.Nc3 a6 6.f3 e5 7.Nb3 Be6 8.Be3 Nbd7
9.g4 Nb6 10.g5 Nh5 11.Qd2 Be7 12.O-O-O O-O 13.Rg1 Rc8 14.Kb1 Qc7 15.Qf2 Bd8
16.Rg2 Nc4 17.Bxc4 Bxc4 18.Qd2 Be7 19.Na4 Be6 20.Nb6 Rb8 21.Qa5 Kh8 22.Rgd2 f6
23.gxf6 Nxf6 24.Rd3 Qc6 25.Bg5 Qe8 26.Nd2 Qh5 27.Bxf6 Rxf6 28.Nd5 Bxd5 29.Rxd5 Bf8
30.Qc7 Qe8 31.Qc4 Rc8 32.Qe2 Qh5 33.Rd3 Rc7 34.a3 Rcf7 35.Rg1 g6 36.Rg3 Rf4
37.Nc4 Rh4 38.Nxd6 Bxd6 39.Rxd6 Rxh2 40.Qc4 Kg7 41.Qd5 Rf2 42.Re6 R2xf3 43.Rxf3 Qxf3
44.Qxe5+ Kh6 45.Qh2+ Kg7 46.Qe5+ Kh6 47.Qd4 Rd7 48.Qxd7 Qf1+  1/2-1/2

[Event "WYb14"]
[Site "Kemer TUR"]
[Date "2007.11.28"]
[Round "11"]
[White "Grandelius,N"]
[Black "Swiercz,D"]
[Result "0-1"]
[WhiteElo "2377"]
[BlackElo "2274"]

1.e4 c5 2.Nf3 d6 3.d4 cxd4 4.Nxd4 Nf6 5.Nc3 a6 6.f3 e5 7.Nb3 Be7 8.Be3 Be6
9.Qd2 O-O 10.O-O-O a5 11.Bb5 Nbd7 12.Kb1 Nb6 13.Qf2 Nfd7 14.g4 a4 15.Nc1 a3
16.b3 Qc7 17.N1e2 Rfc8 18.Bxd7 Nxd7 19.Rd2 Qc6 20.Rc1 Ra5 21.Rcd1 b5 22.Nd5 Bxd5
23.exd5 Qb7 24.Ng3 b4 25.Ne4 Nf6 26.Nxf6+ Bxf6 27.g5 Be7 28.f4 exf4 29.Qxf4 Bf8
30.Rd4 Rb5 31.Qf3 g6 32.Rh4 Bg7 33.Qh3 Re8 34.Rxh7 Rxd5 35.Rf1 Qe7 36.Bc1 Qe5
37.Rxg7+ Kxg7 38.Qf3 Qe6 39.Qg3 Rf5 40.Rd1 d5 41.Qd3 Qe4 42.Qd2 Re6 43.h3 Rf3
44.h4 Rg3 45.Rf1 Rg2 46.Qd1 Rc6 47.h5 Rcxc2 48.h6+ Kh8 49.Re1 Rb2+ 50.Ka1 Qb1+  0-1

[Event "WYb18"]
[Site "Kemer TUR"]
[Date "2007.11.28"]
[Round "11"]
[White "Spoelman,W"]
[Black "Schiendorfer,E"]
[Result "1-0"]
[WhiteElo "2445"]
[BlackElo "2163"]

1.e4 c5 2.Nf3 d6 3.d4 cxd4 4.Nxd4 Nf6 5.Nc3 a6 6.Be3 Ng4 7.Bc1 Nf6 8.f3 e5
9.Nb3 b5 10.Be3 Nbd7 11.a4 b4 12.Nd5 Rb8 13.Bc4 Be7 14.Nxe7 Kxe7 15.Qe2 Qc7
16.O-O Nb6 17.Bd3 Be6 18.Bxa6 Nc4 19.f4 Nxe3 20.Qxe3 Ng4 21.Qe2 Qb6+ 22.Kh1 Ne3
23.a5 Qa7 24.Rf3 exf4 25.Rxf4 Nxc2 26.Qxc2 Qxa6 27.Qc7+ Bd7 28.Nd4 g6 29.e5 Rhd8
30.Rd1 f5 31.exf6+ Kf7 32.Re1 Rbc8 33.Re7+ Kg8 34.Ne6 Rf8 35.Rg7+ Kh8 36.Rxh7+  1-0

[Event "20th Belgrade Trophy"]
[Site "Belgrade SRB"]
[Date "2007.11.29"]
[Round "8"]
[White "Vasiesiu,D"]
[Black "Jakovljevic,Vlado"]
[Result "0-1"]
[WhiteElo "2402"]
[BlackElo "2461"]

1.e4 c5 2.Nf3 d6 3.d4 cxd4 4.Nxd4 Nf6 5.Nc3 a6 6.f3 e6 7.Be3 b5 8.Qd2 b4
9.Na4 Nbd7 10.c4 bxc3 11.Nxc3 Bb7 12.Be2 Be7 13.O-O O-O 14.Rac1 Qb8 15.a3 Rc8
16.b4 Bd8 17.Kh1 Ne5 18.Nb3 Bc6 19.Bd1 Bc7 20.Bg5 Ned7 21.Bf4 Ne5 22.Bg5 Ned7
23.Nd4 Bb7 24.b5 Ba5 25.Qb2 axb5 26.Ncxb5 Rxc1 27.Qxc1 d5 28.Nc6 Bxc6 29.Qxc6 Qc8
30.exd5 exd5 31.Qxc8+ Rxc8 32.Bc1  0-1

[Event "Parsvnath ch-Commonwealth"]
[Site "New Delhi IND"]
[Date "2007.12.03"]
[Round "1"]
[White "Jain Singhai,N"]
[Black "Mas,H"]
[Result "0-1"]
[WhiteElo "1977"]
[BlackElo "2372"]

1.e4 c5 2.Nf3 d6 3.d4 cxd4 4.Nxd4 Nf6 5.Nc3 a6 6.f3 Qb6 7.Be3 Qxb2 8.Ncb5 axb5
9.Nxb5 Qb4+ 10.c3 Qa5 11.Qb3 Bd7 12.Bc4 e6 13.O-O Be7 14.Rfd1 O-O 15.Nxd6 Ba4
16.Qxb7 Nbd7 17.Nb5 Rfb8 18.Rxd7 Rxb7 19.Rxb7 Bxb5 20.Bxb5 Qxc3 21.Rxe7 Qxa1+
22.Kf2 Nxe4+  0-1

[Event "Parsvnath ch-Commonwealth"]
[Site "New Delhi IND"]
[Date "2007.12.04"]
[Round "3"]
[White "Shyam,SM"]
[Black "Mohota,N"]
[Result "0-1"]
[WhiteElo "2241"]
[BlackElo "2416"]

1.e4 c5 2.Nf3 d6 3.d4 cxd4 4.Nxd4 Nf6 5.Nc3 a6 6.f3 e5 7.Nb3 Be6 8.Be3 Be7
9.Qd2 O-O 10.O-O-O Nbd7 11.g4 b5 12.g5 b4 13.Ne2 Ne8 14.f4 a5 15.f5 a4 16.fxe6 axb3
17.exf7+ Rxf7 18.Kb1 bxc2+ 19.Qxc2 Bxg5 20.Bxg5 Qxg5 21.Ng3 Kh8 22.Bc4 Rf4
23.Bd5 Rb8 24.Rhg1 Ndf6 25.Nf5 Rg4 26.h4 Qh5 27.Rgf1 Rf4 28.Rxf4 exf4 29.Rf1 Nxd5
30.exd5 g6 31.Ne7 Rb7 32.Nc6 Qxd5 33.Re1 Nf6 34.Ne7 Qc5 35.Qd2 Nh5 36.Rc1 Qe5
37.Re1 Qf6 38.Nd5 Qxh4 39.Qd4+ Kg8 40.Re8+ Kf7 41.Qe4 Qg4 42.Kc2 Qf5 43.Kd3 b3
44.a4 Qxe4+ 45.Rxe4 g5 46.a5 Nf6 47.a6 Nxe4  0-1

[Event "Parsvnath ch-Commonwealth"]
[Site "New Delhi IND"]
[Date "2007.12.05"]
[Round "4"]
[White "Sai Kiran,J"]
[Black "Greef,M"]
[Result "1-0"]
[WhiteElo "1886"]
[BlackElo "2025"]

1.e4 c5 2.Nf3 d6 3.d4 cxd4 4.Nxd4 Nf6 5.Nc3 a6 6.f3 e6 7.Be3 b5 8.Qd2 Nbd7
9.g4 Nb6 10.h4 Nfd7 11.Qf2 Bb7 12.Bd3 Rc8 13.O-O-O Rxc3 14.bxc3 Na4 15.Qd2 d5
16.Qe1 Ba3+ 17.Kb1 Bb2 18.Ne2 dxe4 19.fxe4 Ne5 20.Qg3 Nxd3 21.cxd3 Bxe4 22.Bd4 Bxh1
23.Rxh1 f6 24.g5 e5 25.Bxe5 Qd5 26.Bd4 Kd7 27.gxf6 g6 28.Qh3+ Qe6 29.Qxe6+ Kxe6
30.Nf4+ Kf7 31.Re1 Ba3 32.Re6 Ra8 33.Rc6 Re8 34.Rc7+ Kf8 35.Rxh7 Bc1 36.Kxc1 Re1+
37.Kd2 Rf1 38.Ne6+ Kg8 39.Rg7+ Kh8 40.f7 Nxc3 41.Rg8+ Kh7 42.Rh8+  1-0

[Event "Parsvnath ch-Commonwealth"]
[Site "New Delhi IND"]
[Date "2007.12.06"]
[Round "6"]
[White "Mehar,C"]
[Black "Akshat,K"]
[Result "1/2-1/2"]
[WhiteElo "2246"]
[BlackElo "2355"]

1.e4 c5 2.Nf3 d6 3.d4 cxd4 4.Nxd4 Nf6 5.Nc3 a6 6.f3 Qb6 7.Nb3 e6 8.g4 Nc6
9.g5 Nd7 10.Qe2 Be7 11.Be3 Qc7 12.O-O-O b5 13.Qf2 Nce5 14.Rg1 b4 15.Ne2 Nc4
16.Nf4 Nxe3 17.Qxe3 Qa7 18.Qxa7 Rxa7 19.Nd3 a5 20.Nd4 Nb8 21.Nf2 O-O 22.f4 Rd8
23.f5 exf5 24.exf5 d5 25.Nd3 f6 26.Nf4 fxg5 27.Nfe6 Bxe6 28.Nxe6 Rd6  1/2-1/2

[Event "Parsvnath ch-Commonwealth"]
[Site "New Delhi IND"]
[Date "2007.12.07"]
[Round "7"]
[White "Soumya,Sw"]
[Black "Udeshi,A"]
[Result "1-0"]
[WhiteElo "2244"]
[BlackElo "2355"]

1.e4 c5 2.Nf3 d6 3.d4 cxd4 4.Nxd4 Nf6 5.Nc3 a6 6.f3 e5 7.Nb3 Be7 8.Be3 Be6
9.Qd2 O-O 10.O-O-O a5 11.Bb5 Na6 12.Kb1 Nc7 13.Bb6 Qb8 14.a4 Rc8 15.Be2 d5
16.Bxc7 Qxc7 17.exd5 Nxd5 18.Nxd5 Bxd5 19.Qxd5 Qxc2+ 20.Ka2 Qxe2 21.Rc1 Rd8
22.Qxb7 Bf6 23.Qe4 Qxg2 24.Rhd1 g6 25.Rc2 Qh3 26.Rxd8+ Rxd8 27.Nxa5 Bg7 28.Nc6 Re8
29.a5 Qf1 30.Qd5 Kh8 31.Nd8 h5 32.Nxf7+ Kh7 33.Ng5+ Kh6 34.Ne6 Rb8 35.Nxg7 Rb5
36.Qd2+ Kxg7 37.Rc7+ Kf6 38.Qd8+ Ke6 39.Rc6+  1-0